Elementos de aritmética universal / (Record no. 158439)

MARC details
000 -LEADER
campo de control de longitud fija 00864nam a22002055i 4500
001 - NÚMERO DE CONTROL
campo de control 158439
003 - IDENTIFICADOR DE NÚMERO DE CONTROL
campo de control ES-MaACL
005 - FECHA Y HORA DE LA ÚLTIMA TRANSACCIÓN
campo de control 20250724074709.0
008 - DATOS DE LONGITUD FIJA--INFORMACIÓN GENERAL
campo de control de longitud fija 040831s1853 sp |||| | spa d
040 ## - FUENTE DE CATALOGACIÓN
Centro catalogador/agencia de origen CAM
Lengua de catalogación spa
Centro/agencia transcriptor CAM
100 1# - ENTRADA PRINCIPAL--NOMBRE DE PERSONA
Nombre de persona Madorell y Badia, Manuel.
9 (RLIN) 129321
245 10 - MENCIÓN DEL TÍTULO
Título Elementos de aritmética universal /
Mención de responsabilidad, etc. por Manuel Madorell y Badia.
250 ## - MENCION DE EDICION
Mención de edición 3ª ed. notablemente corr.
260 ## - PUBLICACIÓN, DISTRIBUCIÓN, ETC.
Lugar de publicación, distribución, etc. Barcelona :
Nombre del editor, distribuidor, etc. [s.n.],
Fecha de publicación, distribución, etc. 1853 (
Fabricante Imprenta de Tomas Gaspar)
300 ## - DESCRIPCIÓN FÍSICA
Extensión v. ;
Dimensiones 15 cm.
500 ## - NOTA GENERAL
Nota general Obra aprobada por Real órden de 20 de mayo de 1852 para servir de texto en los colegios y escuelas de ambos sexos.
650 07 - PUNTO DE ACCESO ADICIONAL DE MATERIA--TÉRMINO DE MATERIA
Término de materia o nombre geográfico como elemento de entrada Aritmética
Fuente del encabezamiento o término embne
9 (RLIN) 9963
852 ## - LOCALIZACIÓN
Ubicación ES-MaACL
Número de control de estantería T-1304-F-4
Nota libre -- Enc. hol.
-- -- Donativo Bosch
condición física -- Sólo t.I (143 p.), falto de la cub. original
Nota libre -- Enc. en un vol. facticio que mide 20 cm
Holdings
Estatus retirado Estado de pérdida Estado de daño No para préstamo Colección Biblioteca de origen Biblioteca actual Ubicación en estantería Fecha de adquisición Total de préstamos Signatura topográfica completa Código de barras Visto por última vez Precio de reemplazo Tipo de ítem Koha
        Colección de folletos Biblioteca del Ateneo de Madrid Biblioteca del Ateneo de Madrid Depósito folletos 17/01/2008   T-1304-F-4 1165825 23/02/2023 23/02/2023 Folleto